[Event "Edmonton-ch Reserves"]
[Site "Edmonton"]
[Date "2009.02.05"]
[Round "5"]
[White "Pavlic, Stephen"]
[Black "Dhingra, Mohit"]
[Result "1-0"]
[WhiteElo "1398"]
[BlackElo "1476"]
[PlyCount "65"]
[EventDate "2009.01.08"]
[EventType "swiss"]
[EventRounds "7"]
[EventCountry "CAN"]
[SourceTitle "EXT 2011"]
[Source "ChessBase"]
[SourceDate "2010.11.26"]
[SourceVersion "1"]
[SourceVersionDate "2010.11.26"]
[SourceQuality "1"]

1. e4 b6 2. d4 Ba6 3. Bxa6 Nxa6 4. Nf3 e6 5. c4 c6 6. Nc3 Nc7 7. b3 d5 8. exd5 cxd5 9. 0-0 Nf6 10. Bg5 Be7 11. Ne5 Ne4 12. Bxe7 Qxe7 13. Nxe4 dxe4 14. Re1 h5 15. Rxe4 h4 16. h3 f5 17. Re3 Qf6 18. d5 0-0 19. Nd7 Qh6 20. Nxf8 Rxf8 21. dxe6 Nxe6 22. Qd7 Rf6 23. Qxa7 f4 24. Rd3 f3 25. Rxf3 Rxf3 26. gxf3 Nf4 27. Qa8+ Kh7 28. Qe4+ Kh8 29. Qf5 Ne2+ 30. Kf1 Ng3+ 31. fxg3 hxg3 32. Rd1 Qh4 33. Qg4 1-0

[Event "Edmonton-ch Reserves"]
[Site "Edmonton"]
[Date "2009.01.29"]
[Round "4"]
[White "Dhingra, Mohit"]
[Black "Lynn, Jim"]
[Result "0-1"]
[WhiteElo "1476"]
[BlackElo "1883"]
[PlyCount "100"]
[EventDate "2009.01.08"]
[EventType "swiss"]
[EventRounds "7"]
[EventCountry "CAN"]
[SourceTitle "EXT 2011"]
[Source "ChessBase"]
[SourceDate "2010.11.26"]
[SourceVersion "1"]
[SourceVersionDate "2010.11.26"]
[SourceQuality "1"]

1. d4 Nf6 2. Nf3 g6 3. Bg5 Ne4 4. c4 Nxg5 5. Nxg5 d5 6. Nc3 dxc4 7. Qa4+ Nc6 8. Qxc4 e6 9. Nf3 Bg7 10. Rd1 0-0 11. e4 Na5 12. Qd3 b6 13. Qc2 Qe7 14. Be2 Nb7 15. h4 c5 16. h5 cxd4 17. Nxd4 Nc5 18. Nf3 Bb7 19. e5 Rac8 20. h6 Bh8 21. Qb1 Bxf3 22. gxf3 Bxe5 23. Qc1 Qf6 24. Rg1 Bf4 25. Qc2 Bxh6 26. Ne4 Nxe4 27. Qxe4 Qf4 28. Qb7 Rc7 29. Qa6 Qb4+ 30. Kf1 Qxb2 31. Rh1 Bg7 32. Bd3 Bd4 33. Rh2 Rc1 34. Rxc1 Qxc1+ 35. Kg2 Qd2 36. Kh3 Be5 37. Qc4 Qh6+ 38. Qh4 Qxh4+ 39. Kxh4 Bxh2 40. Kg4 h5+ 41. Kh3 Be5 42. a4 Rd8 43. Be4 Rd2 44. Kg2 Bd4 45. a5 Rxf2+ 46. Kg1 Rxf3+ 47. Kg2 Rf4 48. Bf3 Rxf3 49. Kxf3 g5 50. axb6 axb6 0-1